000 007320000a22002290004500
041 0 _aSPA
082 0 4 _aG 248.32 O969r
100 1 _aOviedo, Omar
245 1 0 _aRed de oración continua : Una visión de Dios para estos tiempos / Omar Oviedo , Idaly Rivera
250 _aSegunda edición
260 _aArmenia, Colombia: Publicaciones Alianza
300 _a157 páginas
501 _arústico
505 0 0 _aRed de oración continua -- Liderazgo en la red de oración
650 1 4 _aINTERCESION \ ORACION \ ORACIONES \ VIDA CRISTIANA
700 1 _aRivera, Idaly, Coautor
001 18411
942 _cBK
999 _c44849
_d44849
336 _atexto
_btxt
_2rdacontent
337 _2rdamedia
_asin mediación
_bn
338 _2rdacarrier
_avolumen
_bnc